<?xml version="1.0" encoding="UTF-8"?>
<record
    xmlns:xsi="http://www.w3.org/2001/XMLSchema-instance"
    xsi:schemaLocation="http://www.loc.gov/MARC21/slim http://www.loc.gov/standards/marcxml/schema/MARC21slim.xsd"
    xmlns="http://www.loc.gov/MARC21/slim">

  <leader>00838nam a22002537a 4500</leader>
  <controlfield tag="005">20170123162351.0</controlfield>
  <datafield tag="010" ind1=" " ind2=" ">
    <subfield code="a">A-697388</subfield>
  </datafield>
  <datafield tag="020" ind1=" " ind2=" ">
    <subfield code="c">60.00</subfield>
  </datafield>
  <datafield tag="035" ind1=" " ind2=" ">
    <subfield code="a">A-697388</subfield>
  </datafield>
  <datafield tag="037" ind1=" " ind2=" ">
    <subfield code="b">Cen Lib / Ret</subfield>
  </datafield>
  <datafield tag="040" ind1=" " ind2=" ">
    <subfield code="a">DPL</subfield>
    <subfield code="b">UR</subfield>
  </datafield>
  <datafield tag="082" ind1=" " ind2=" ">
    <subfield code="a">070</subfield>
    <subfield code="b">&#x628; &#x631; &#x648; </subfield>
  </datafield>
  <datafield tag="100" ind1=" " ind2=" ">
    <subfield code="a">&#x631;&#x62F;&#x648;&#x644;&#x648;&#x6CC;&#x60C; &#x67E;&#x631;&#x648;&#x627;&#x646;&#x6C1; </subfield>
    <subfield code="9">111779</subfield>
  </datafield>
  <datafield tag="245" ind1=" " ind2=" ">
    <subfield code="a">/ &#x200B; &#x627;&#x631;&#x62F;&#x648; &#x635;&#x62D;&#x627;&#x641;&#x62A; &#x6A9;&#x627; &#x627;&#x633;&#x62A;&#x641;&#x627;&#x62B;&#x627; </subfield>
    <subfield code="c">&#x67E;&#x631;&#x648;&#x627;&#x646;&#x6C1; &#x631;&#x62F;&#x648;&#x644;&#x648;&#x6CC;</subfield>
  </datafield>
  <datafield tag="246" ind1=" " ind2=" ">
    <subfield code="a">Urdu shafat ka istfasa /</subfield>
    <subfield code="b">Parwana Ridaulvi</subfield>
  </datafield>
  <datafield tag="260" ind1=" " ind2=" ">
    <subfield code="a">&#x646;&#x6CC; &#x62F;&#x644;&#x6C1;&#x6CC;</subfield>
    <subfield code="b">&#x62D;&#x6CC;&#x627; &#x67E;&#x628;&#x644;&#x634;&#x646;&#x6AF; &#x6C1;&#x627;&#x624;&#x633;</subfield>
    <subfield code="c">1994</subfield>
  </datafield>
  <datafield tag="270" ind1=" " ind2=" ">
    <subfield code="a">&#x62D;&#x648;&#x633; &#x645;&#x627;&#x644;&#x648;&#x6CC;&#x6C1; &#x646;&#x6AF;&#x631; </subfield>
    <subfield code="b">&#x646;&#x6CC; &#x62F;&#x644;&#x6C1;&#x6CC;</subfield>
    <subfield code="e">110017</subfield>
  </datafield>
  <datafield tag="300" ind1=" " ind2=" ">
    <subfield code="a">96p. </subfield>
    <subfield code="c">20cm (Hb)</subfield>
  </datafield>
  <datafield tag="650" ind1=" " ind2=" ">
    <subfield code="a">&#x627;&#x631;&#x62F;&#x648;&#x627;&#x62F;&#x628;</subfield>
    <subfield code="9">137168</subfield>
  </datafield>
  <datafield tag="650" ind1=" " ind2=" ">
    <subfield code="a">&#x627;&#x631;&#x62F;&#x648; &#x62A;&#x639;&#x644;&#x6CC;&#x645;  </subfield>
    <subfield code="9">137169</subfield>
  </datafield>
  <datafield tag="650" ind1=" " ind2=" ">
    <subfield code="a">Urdu Literature</subfield>
    <subfield code="9">137170</subfield>
  </datafield>
  <datafield tag="650" ind1=" " ind2=" ">
    <subfield code="a">Urdu-- Education</subfield>
    <subfield code="9">114094</subfield>
  </datafield>
  <datafield tag="942" ind1=" " ind2=" ">
    <subfield code="2">ddc</subfield>
    <subfield code="c">UR</subfield>
    <subfield code="h">070</subfield>
    <subfield code="m">&#x628; &#x631; &#x648; </subfield>
  </datafield>
  <datafield tag="999" ind1=" " ind2=" ">
    <subfield code="c">109282</subfield>
    <subfield code="d">109282</subfield>
  </datafield>
  <datafield tag="952" ind1=" " ind2=" ">
    <subfield code="0">0</subfield>
    <subfield code="1">0</subfield>
    <subfield code="4">0</subfield>
    <subfield code="7">0</subfield>
    <subfield code="a">L</subfield>
    <subfield code="b">L</subfield>
    <subfield code="d">2016-03-02</subfield>
    <subfield code="e">Cen Lib/Ref</subfield>
    <subfield code="g">60.00</subfield>
    <subfield code="l">0</subfield>
    <subfield code="o">070 &#x628; &#x631; &#x648;</subfield>
    <subfield code="p">A-697388</subfield>
    <subfield code="r">2016-03-02 00:00:00</subfield>
    <subfield code="t">1</subfield>
    <subfield code="v">60.00</subfield>
    <subfield code="w">2016-03-02</subfield>
    <subfield code="y">UR</subfield>
  </datafield>
</record>
